=LDR 00000nam 2200000 4500 =001 INLIS000000000003754 =005 20130612092045 =008 ***********************************Ind** =035 ##$$0010-061300000003754 =041 ##$$a Ind =082 ##$$a 611.34 =090 ##$$a 611.34, Hea m =100 ##$$a Heaton, K.W =245 ##$$a Mengenal usus kita, K.W.Heaton; editor, Harmiel M.Soekardjo =260 ##$$a 1990 $b Jakarta =300 ##$$a 29 hlm., ilus., 18 cm =650 ##$$a Usus =700 ##$$a Sukarjo, Harmiel M =850 ##$$a NBPNMAT =990 ##$$a 0001/BPAP-NTB/2015